[Event "Minneapolis HB Global op"]
[Site "Minneapolis"]
[Date "2005.05.21"]
[Round "7"]
[White "Filippov, Valerij"]
[Black "Rodriguez Vila, Andres"]
[Result "1/2-1/2"]
[WhiteElo "2621"]
[BlackElo "2536"]
[Annotator "Ribli,Z"]
[PlyCount "112"]
[EventDate "2005.05.18"]
[EventType "swiss"]
[EventRounds "9"]
[EventCountry "USA"]
[SourceTitle "CBM 107"]
[Source "ChessBase"]
[SourceDate "2005.08.01"]
[SourceVersion "1"]
[SourceVersionDate "2005.08.01"]
[SourceQuality "1"]

1. c4 e5 2. g3 Nc6 3. Bg2 g6 4. Nc3 d6 5. e3 Bg7 6. Nge2 Be6 {Dieser Läuferzug
ist logisch, aber wegen 7.d4! nicht die beste Fortsetzung für Schwarz.} (6...
h5) 7. b3 $6 {Weiß verteidigt den c4-Bauern, aber das ist überflüssig,
stattdessen wäre es besser, sofort 7.d4! zu ziehen.} (7. d4 $5 Bxc4 $2 (7...
exd4 8. Nxd4 Bd7 9. O-O $14) 8. d5 Bxe2 9. Qxe2 Nb8 10. Qb5+ Nd7 11. Qxb7 $16)
7... Qd7 8. d4 Bh3 9. O-O h5 10. d5 (10. f3 Nge7 11. d5 Nd8 12. Bxh3 Qxh3 13.
Ne4 f6 14. c5 Nf7 15. Ba3 Qd7 16. cxd6 cxd6 17. Rc1 h4 18. g4 f5 19. Nf2 Bh6
20. Rc3 Ng5 $40 {0-1 Pira,D-Libiszewski,F/Val d'Isere 2002/EXT 2003 (36)}) (10.
dxe5 Bxg2 11. Kxg2 h4 12. e6 Qxe6 13. Nf4 Qd7 14. Bb2 hxg3 15. hxg3 O-O-O 16.
Rh1 Nge7 17. Qe2 Ne5 {0-1 Nefediev,A-Sychev,S/Ufa 1999/CBM 70 ext (39)}) 10...
Nb4 (10... Nce7 11. e4 (11. Bxh3 Qxh3 12. Kh1 Nh6 13. Ng1 Qd7 14. e4 h4 15.
Bxh6 hxg3 16. fxg3 Rxh6 17. a4 f5 18. Qd2 Rh5 19. Qe2 Rh8 20. Ra2 Bf6 21. Qd3
Kf7 22. Raf2 Kg7 $13 {1-0 Hoffmann,H-Guenthner,O/Pforzheim 1997/EXT 2001 (50)})
11... h4 12. f3 hxg3 13. hxg3 Bxg2 14. Kxg2 Qh3+ 15. Kf2 Qh2+ 16. Ke3 f5 17.
Bd2 f4+ 18. gxf4 exf4+ 19. Kd3 g5 20. Rh1 {1-0 Ceplecha,T-Boucek,V/Klatovy
1999/EXT 2000 (52)}) 11. Bxh3 (11. e4 $6 h4 12. f3 hxg3 13. hxg3 Bxg2 14. Kxg2
Qh3+ 15. Kf2 f5 $36) 11... Qxh3 12. f3 (12. e4 $4 h4 $19) (12. Kh1 $6 h4 13.
Ng1 Qd7 $36) 12... e4 $13 {[%cal Gg7a1] Mit diesem taktischem Zug öffnet
Schwarz die Diagonale des g7-Läufers.} (12... O-O-O 13. a3 Na6 14. e4 f5 $11 (
14... Kb8 $11)) 13. Nf4 (13. Ba3 $5 exf3 (13... h4 $2 14. Nf4 Qd7 15. Nxe4 Bxa1
16. Qxa1 $18) (13... a5 14. Nxe4 Bxa1 15. Qxa1 $16) 14. Nf4 (14. Rxf3 a5) 14...
Qd7 15. Bxb4 a5) 13... Qd7 14. Bd2 g5 15. Nxe4 (15. Ng2 exf3 16. Qxf3 Nd3 {
[%cal Gd3e5]} (16... h4 $5)) 15... gxf4 {[%mdl 64]} (15... Bxa1 $2 16. Qxa1 $18
) 16. Bxb4 fxg3 17. Rc1 (17. hxg3 Bxa1 18. Qxa1 Rh6 $17) 17... h4 (17... gxh2+
18. Kh1 $13 (18. Kxh2 Qe7 $36)) 18. c5 dxc5 19. Bxc5 Nf6 20. Bd4 (20. Qd4 $1
Qh3 21. Qe5+ (21. Rc2 O-O-O 22. Nxf6 Bxf6 23. Qg4+ (23. Qxf6 $2 gxh2+ $19)
23... Qxg4 24. fxg4 Be5 $15) 21... Kd7 22. Qe7+ (22. Rc2 Rag8 23. Ng5 gxh2+ 24.
Rxh2 Qg3+ 25. Qxg3 hxg3 26. Rxh8 Bxh8 27. Nxf7 Nxd5 28. Nxh8 Rxh8 29. Rd1 Ke6
30. Rd2 $11) 22... Kc8 23. Rc2 Nxd5 24. Qxf7 gxh2+ 25. Rxh2 Qd7 $11) 20... Nxe4
21. fxe4 Qh3 22. Qc2 {Mit diesem Zug verhindert Weiß die schwarze Rochade.} (
22. Qe2 Bxd4 (22... Rg8 $5) 23. exd4 Rg8 24. Rxc7 gxh2+ 25. Kh1 Rg1+ 26. Rxg1
hxg1=Q+ 27. Kxg1 Qg3+ 28. Qg2 Qxc7 29. Qg8+ Kd7 30. Qxa8 Qg3+ $11) 22... Rg8 $1
23. Rf5 Bxd4 24. exd4 gxh2+ 25. Kh1 Rg1+ (25... Rg3 $5 $36) 26. Rxg1 hxg1=Q+
27. Kxg1 O-O-O 28. Qg2 $8 Qe3+ 29. Kh2 Qxd4 $6 (29... Re8 $1 30. Re5 (30. Qg4
$2 Qg3+ 31. Qxg3 hxg3+ 32. Kxg3 Rxe4 33. Rxf7 Rxd4 $17) 30... Qf4+ (30... Rxe5
31. dxe5 Qf4+ 32. Kh3 Qxe5 33. Qg8+ Kd7 34. Qxf7+ Kd6 35. Qf8+ Kd7 36. Qf5+ Kd6
37. Kxh4 Qh2+ 38. Kg5 $16) 31. Kh3 Qe3+ 32. Kh2 $11 (32. Kxh4 $4 Rh8+ $19)) 30.
Rxf7 $14 Qe5+ 31. Kh3 b6 32. Qg7 Qxg7 (32... Re8 33. Qxe5 Rxe5 34. Rf4 c6 35.
dxc6 Kc7 36. Kxh4 Kxc6 $14) 33. Rxg7 {[%mdl 4096]} Re8 34. Rg4 c6 $1 {Schwarz
kann seinen h4-Bauern nicht verteidigen, er möchte das Material reduzieren.} (
34... Kd7) 35. dxc6 Kc7 36. Kxh4 Kxc6 37. Kg3 Kc5 38. Kf3 Kd4 (38... Kb4 39.
e5+) 39. Rf4 (39. e5+ Kd5 $11) 39... Rh8 {[%csl Gh8][%cal Gh8h1]} (39... Kc3
40. Ke3 $16) 40. Rf7 Rh3+ 41. Kf4 Rh4+ 42. Kf5 Rh5+ 43. Ke6 Ra5 {[%csl Ga5]} (
43... Kxe4 $1 44. Kd7 (44. Rxa7 $4 Rh6+ $19) 44... Rh2 $11) 44. Rf4 Rxa2 $1 $11
{Schwarz beschäftigt sich nicht mit dem weißen Freibauern, er möchte vielmehr
seinen Turm gegen den e-Bauern tauschen und seinen eigenen Freibauern
umzuwandeln.} (44... Re5+ $2 45. Kd6) 45. e5+ Kc3 46. Rf3+ Kb4 47. Re3 Rd2 $5 {
[%csl Gd2][%cal Gd2d8] Schwarz schneidet den weißen König ab, um seine Bauern
am Damenflügel sicherer zu mobilisieren, aber die einfache Fortsetzung 47...a5
ist auch remis verdächtig.} (47... a5 48. Kd7 b5 (48... Rd2+ 49. Kc7 Rc2+ 50.
Kxb6 $18) 49. e6 Rh2 50. e7 Rh8 51. Rf3 Ra8 (51... a4 52. Rf8 Rh7 53. bxa4 bxa4
54. Kd6 Rxe7 55. Kxe7 a3 $11) 52. e8=Q Rxe8 53. Kxe8 a4 $11) 48. Kf6 Rf2+ 49.
Ke7 b5 50. Kd6 a5 51. e6 Rf8 52. e7 Re8 53. Kd7 Rxe7+ {Jetzt ist die Stellung
Remis; der weiße König steht weit entfernt vom Damenflügel.} 54. Rxe7 (54. Kxe7
a4 $11) 54... a4 55. bxa4 bxa4 56. Kd6 a3 1/2-1/2

[Event "Altensteig"]
[Site "Altensteig"]
[Date "1990.??.??"]
[Round "6"]
[White "Paehtz, Thomas Sr"]
[Black "Mohr, Stefan"]
[Result "1/2-1/2"]
[WhiteElo "2445"]
[BlackElo "2430"]
[Annotator "Ribli,Z"]
[PlyCount "83"]
[EventDate "1990.07.??"]
[EventType "tourn"]
[EventRounds "11"]
[EventCountry "GER"]
[EventCategory "9"]
[SourceTitle "CBM 020"]
[Source "ChessBase"]
[SourceDate "1991.02.01"]
[SourceVersion "1"]
[SourceVersionDate "1991.02.01"]
[SourceQuality "1"]

1. c4 e5 2. Nc3 Nc6 3. g3 g6 4. Bg2 Bg7 5. Rb1 a5 6. a3 f5 7. d3 (7. b4 axb4 8.
axb4 Nf6 9. e3 e4 10. d4 exd3 11. Qxd3 {Makarichev,S-Lin Weiguo Frunze 1989
CBM/15}) 7... Nf6 8. e3 O-O 9. Nge2 Ne7 $5 10. O-O c6 11. d4 e4 12. d5 cxd5 13.
cxd5 b6 14. f3 exf3 15. Bxf3 Ba6 16. b4 axb4 17. Rxb4 Kh8 18. Qb3 Ne4 19. Nxe4
fxe4 20. Rxe4 Nf5 (20... Rxf3 21. Rxf3 Bxe2 22. Rf7 Nf5 23. Bb2 Bxb2 24. Qxb2+
Kg8 25. Ree7 $1 Qxe7 26. Rxe7 Nxe7 27. Qxe2 $18) 21. Rb4 Rb8 22. Ra4 Bxe2 23.
Bxe2 Qe7 24. Raf4 Qc5 25. g4 Nd6 26. Bd2 Rxf4 27. Rxf4 Be5 28. Rf1 b5 29. Rc1
Qb6 30. Bd3 Re8 31. a4 Qd8 32. Bc3 bxa4 33. Qxa4 Qg5 34. Qf4 Qe7 35. Qxe5+ Qxe5
36. Bxe5+ Rxe5 37. Kf2 (37. e4) 37... Rxd5 38. Ke2 Re5 39. Rc7 Re7 40. h4 Kg7
41. g5 h6 42. Rc5 1/2-1/2

[Event "Smolensk"]
[Site "Smolensk"]
[Date "1991.??.??"]
[Round "?"]
[White "Vaulin, Alexander"]
[Black "Ibragimov, Ildar"]
[Result "0-1"]
[WhiteElo "2510"]
[BlackElo "2455"]
[Annotator "Ribli,Z"]
[PlyCount "108"]
[EventDate "1991.??.??"]
[EventType "tourn"]
[EventRounds "13"]
[EventCountry "URS"]
[EventCategory "4"]
[SourceTitle "CBM 024"]
[Source "ChessBase"]
[SourceDate "1991.10.01"]
[SourceVersion "1"]
[SourceVersionDate "1991.10.01"]
[SourceQuality "1"]

1. c4 e5 2. g3 Nc6 3. Bg2 g6 4. Nc3 Bg7 5. Rb1 a5 6. a3 (6. e3 $5) 6... d6 7.
b4 axb4 8. axb4 Nf6 (8... Nge7 9. d3 O-O 10. b5 Nd4 11. e3 Ne6 12. Nge2 Nc5 13.
O-O $13 {Makarichev,S-Karason,A Reykjavik op 1990 EXP/18}) (8... f5 9. d3 (9.
Nd5 Nf6 10. e3 O-O 11. Ne2 Be6 12. d4 exd4 13. exd4 Bxd5 14. cxd5 Ne7 15. Qb3
Qd7 16. b5 Nc8 17. O-O Nb6 18. Nf4 $14 {Johannesson,L-Palsson,B Reykjavik op
EXP/18}) 9... Nf6 10. b5 Ne7 11. Qb3 c6 12. Nf3 Be6 13. O-O h6 14. Ba3 O-O $13
{Sorokin,M-Neverov,A RSFSR-ch 1990 CBM/21}) 9. b5 (9. d3 O-O 10. Bg5 Ne7 11.
Nf3 Ne8 12. O-O h6 13. Bxe7 Qxe7 14. Nd5 Qd8 15. b5 $13 {Azmayparashvili,
Z-Kortschnoj,V Amsterdam OHRA-A 1990 CBM/20}) 9... Nd4 (9... Ne7 $5 10. Nf3 O-O
11. O-O h6 12. d3 Be6 $13 {Azmayparashvili,Z-Hellers,F Groningen 1989 CBM/16})
10. e3 Ne6 11. Nge2 h5 12. h4 O-O 13. d4 (13. O-O $5) 13... Re8 14. O-O e4 $1
15. Qc2 (15. Nxe4 Nxe4 16. Bxe4 Nxd4 $1 $10) 15... Nf8 16. b6 (16. Nxe4 $2 Nxe4
17. Bxe4 Rxe4 $1 18. Qxe4 Bf5 $19) 16... c6 17. d5 c5 18. Bb2 Bf5 19. Nb5 Re7
20. Bc3 N8h7 21. Ra1 Rb8 22. Qb2 Ne8 23. Bxg7 Nxg7 24. Nc7 Ne8 25. Nxe8 Rxe8
26. Nf4 Nf6 27. Rfb1 Nd7 28. Bf1 Ne5 29. Be2 Bg4 $1 30. Bxg4 Nxg4 31. Qc2 Qd7
32. Kg2 Qf5 33. Ra4 Ne5 34. Rba1 Kg7 35. Qd1 Rh8 36. Qh1 g5 $1 37. hxg5 h4 38.
Qh3 Qxg5 39. Rh1 Kf6 40. Kf1 hxg3 41. Qxh8+ Rxh8 42. Rxh8 Qg4 43. Nh5+ Kg5 44.
Nxg3 Qd1+ 45. Kg2 Qxa4 46. Nxe4+ Kg6 47. Rg8+ Kh7 48. Nf6+ Kh6 49. f4 Qc2+ 50.
Kg3 Qf5 51. Ne8 Ng6 52. Nxd6 Qf6 53. Rd8 Kh5 54. Rd7 Qh4+ 0-1

[Event "Biel-B"]
[Site "Biel"]
[Date "1990.??.??"]
[Round "10"]
[White "Chiburdanidze, Maia"]
[Black "Gallagher, Joseph G"]
[Result "1/2-1/2"]
[WhiteElo "2500"]
[BlackElo "2495"]
[Annotator "Ribli,Z"]
[PlyCount "109"]
[EventDate "1990.07.??"]
[EventType "tourn"]
[EventRounds "11"]
[EventCountry "SUI"]
[EventCategory "10"]
[SourceTitle "CBM 019"]
[Source "ChessBase"]
[SourceDate "1990.12.01"]
[SourceVersion "1"]
[SourceVersionDate "1990.12.01"]
[SourceQuality "1"]

1. c4 g6 2. Nc3 Bg7 3. g3 e5 4. Bg2 d6 5. e3 Nc6 6. Nge2 f5 7. d3 Nf6 8. Rb1
Be6 (8... O-O 9. b4 a6 10. O-O Kh8 11. a4 g5 12. b5 axb5 13. axb5 Ne7 14. f4 h6
15. Bd2 Ng6 16. Qc2 Re8 $13 {Csom-Browne Orense 1977}) 9. Nd5 O-O 10. O-O Qd7
11. b4 Rae8 12. b5 Nd8 13. Qa4 (13. a4) 13... a6 14. Nec3 axb5 15. cxb5 Nxd5
16. Nxd5 Qf7 17. Nb4 Kh8 18. Qc2 g5 19. f4 gxf4 20. exf4 e4 $1 21. dxe4 Bc4 22.
Rd1 fxe4 23. Bxe4 Rxe4 $1 24. Qxe4 Re8 25. Qf3 (25. Qc2 Re2) 25... Be2 26. Qd5
Bxd1 27. Qxd1 Qc4 $44 28. Bb2 $1 Re2 29. Bxg7+ Kxg7 30. Qd5 $1 Qc5+ 31. Qxc5
dxc5 32. Nd5 Ne6 33. Rd1 Nd4 34. Nxc7 Rxa2 35. Rd3 Rb2 36. f5 Kf6 37. g4 Ke5
38. Ne6 Nxe6 39. Re3+ Kf4 40. Rxe6 (40. fxe6 $2 Kxe3 41. e7 Kf3 $1 $19) 40...
Kf3 41. Re1 Rg2+ 42. Kh1 Rxg4 43. b6 Kf2 44. Rc1 Rb4 45. Rc2+ Kf3 46. Rc3+ Kg4
47. Rxc5 Rxb6 48. Rc7 Kxf5 49. Rxh7 Rb2 50. Kg1 b5 51. Kf1 b4 52. Ke1 Ke4 53.
Kd1 Kd3 54. Kc1 Rf2 55. h3 {Ribli} 1/2-1/2

[Event "New York op"]
[Site "New York"]
[Date "1991.??.??"]
[Round "5"]
[White "Fishbein, Alexander"]
[Black "Ehlvest, Jaan"]
[Result "0-1"]
[WhiteElo "2465"]
[BlackElo "2650"]
[Annotator "Ribli,Z"]
[PlyCount "90"]
[EventDate "1991.03.??"]
[EventType "swiss"]
[EventRounds "9"]
[EventCountry "USA"]
[SourceTitle "CBM 023"]
[Source "ChessBase"]
[SourceDate "1991.08.01"]
[SourceVersion "1"]
[SourceVersionDate "1991.08.01"]
[SourceQuality "1"]

1. c4 e5 2. Nc3 d6 3. g3 g6 4. Bg2 Bg7 5. e3 Nh6 6. d3 Nc6 7. Rb1 Be6 8. Nge2
Qd7 {-> A 25} 9. b4 O-O 10. O-O (10. b5 Nd8 11. a4 Bh3) 10... Bh3 11. b5 Bxg2
12. Kxg2 Nd8 13. Nd5 Ne6 14. e4 f5 15. f3 Rf7 16. Be3 (16. Bd2 $5) 16... c6 17.
bxc6 bxc6 18. Ndc3 f4 $1 19. Bd2 (19. Bg1 Ng5 $1 20. g4 Nxg4 $1) 19... Raf8 20.
g4 Nxg4 $1 21. fxg4 f3+ 22. Kh1 fxe2 23. Qxe2 Nf4 $1 24. Qf3 Nh5 25. Qg2 Rxf1+
26. Rxf1 Rxf1+ 27. Qxf1 Qxg4 28. Be3 a6 29. Ne2 Bf6 30. Qg2 Qxg2+ $19 31. Kxg2
Kf7 32. Kf3 Ke6 33. a4 Be7 34. Nc1 Nf6 35. Nb3 Kd7 36. Bd2 Nh5 37. Nc1 Ng7 38.
Nb3 Ne6 39. Be3 Bg5 40. Bf2 Bf4 41. h3 Bg5 42. d4 exd4 43. Nxd4 Nc5 44. a5 Bd2
45. Nc2 Nb3 0-1

[Event "Odorheiu Secuiesc"]
[Site "Odorheiu Secuiesc"]
[Date "1993.??.??"]
[Round "9"]
[White "Ribli, Zoltan"]
[Black "Chernin, Alexander"]
[Result "1/2-1/2"]
[WhiteElo "2620"]
[BlackElo "2600"]
[Annotator "Ribli,Z"]
[PlyCount "41"]
[EventDate "1993.05.??"]
[EventType "tourn"]
[EventRounds "11"]
[EventCountry "ROU"]
[EventCategory "12"]
[SourceTitle "CBM 036"]
[Source "ChessBase"]
[SourceDate "1993.10.01"]
[SourceVersion "1"]
[SourceVersionDate "1993.10.01"]
[SourceQuality "1"]

1. c4 e5 2. Nc3 Nc6 3. g3 g6 4. Bg2 Bg7 5. Rb1 d6 $5 6. b4 a6 (6... f5 7. b5 $5
{Sher,M-Moskalenko,V/Belgorod/1990/EXP17/} (7. d3 {Winants,Y-Wolff,P/Wijk-B/
1992/CBM28/53,26/})) 7. d3 (7. e3 $5) 7... Nge7 8. e3 O-O 9. Nge2 Be6 (9... Rb8
{Makarichev,S-Gausel,E/Reykjavik-op/EXP18/}) 10. Nd5 Rb8 (10... b5 $5 11. Nxe7+
Nxe7 12. Bxa8 Qxa8 13. e4 bxc4 $44) 11. Bd2 f5 12. O-O Bf7 13. a4 (13. Nec3 b5
$13) 13... Nxd5 14. cxd5 Ne7 15. e4 c6 16. dxc6 Nxc6 (16... bxc6 17. Qc2 $14)
17. b5 axb5 18. Rxb5 (18. axb5 $5 Na7 (18... Nd4 19. Nxd4 exd4 20. exf5 $16)
19. Qa4 $14) 18... Na7 $1 (18... Qd7 19. Qb1 $14) 19. Rb2 $6 (19. Ra5 Nc6 20.
Rb5 Na7 $10) (19. Rb1 $5) 19... Qd7 20. a5 $2 (20. Rb6 $5) 20... f4 $1 21. Qb1
(21. Qb1 g5 $15) 1/2-1/2

[Event "Rostock GM"]
[Site "Rostock"]
[Date "2002.08.25"]
[Round "1"]
[White "Boensch, Uwe"]
[Black "Nemet, Ivan"]
[Result "1-0"]
[WhiteElo "2540"]
[BlackElo "2439"]
[Annotator "Ribli,Z"]
[PlyCount "77"]
[EventDate "2002.08.25"]
[EventType "tourn"]
[EventRounds "9"]
[EventCountry "GER"]
[EventCategory "8"]
[SourceTitle "CBM 091"]
[Source "ChessBase"]
[SourceDate "2002.11.12"]
[SourceVersion "1"]
[SourceVersionDate "2002.11.12"]
[SourceQuality "1"]

1. c4 e5 2. Nc3 Nc6 3. g3 Bc5 {Diese Läuferentwicklung wirdt selten gespielt
und ist ohne die Züge Nf3, Nf6 weniger gut (3...Nf6 4.Nf3 Bc5 wäre eine
vollwertige Variante für Schwarz). Der Unterschied ist, dass Weiß hier seinen
Springer besser nach e2 entwickeln kann.} 4. Bg2 Nf6 5. e3 (5. a3) 5... O-O (
5... d5 $5 {Das ist eine interessante taktische Möglichkeit, welche Schwarz
gute Chancen auf Ausgleich bietet.} 6. Nxd5 (6. cxd5 Nb4 7. d4 exd4 8. exd4 Be7
9. Nge2 Bf5 10. O-O Nc2 11. Rb1 Nb4 12. Ra1 Nc2 13. g4 Bg6 14. g5 Nd7 $11) 6...
Nxd5 7. cxd5 Nb4 8. d4 exd4 9. exd4 Be7 $44) 6. Nge2 {[%csl Ge2] Der Springer
steht elastisch auf e2 - jetzt droht 7.d4.} Re8 7. d3 (7. O-O e4) 7... a6 8.
O-O {Weiß ist besser entwickelt und kann im folgenden b2-b4 spielen, mit
Übergewicht am Damenflügel.} Rb8 {[%cal Gb7b5] Schwarz bereitet den Zug b7-b5
vor, aber dieser Plan ist wenig effektiv. Ich glaube, es wäre besser 8...d6 zu
ziehen, aber auch in diesem Fall sind die weißen Chancen vorzuziehen.} (8... d6
9. a3 (9. b3 Bf5 10. Bb2 Qd7 11. Nd5 Nxd5 12. cxd5 Ne7 13. d4 exd4 14. Nxd4 Bh3
15. e4 Ng6 16. Re1 Bxg2 17. Kxg2 Bxd4 18. Qxd4 f6 19. f3 h5 {0-1 Apel,S-Meyer,
F/Germany 1996/GER-chT2 (60)}) 9... Ba7 10. b4 Ne7 (10... Bg4 11. h3 Bd7 12.
Kh2 Rb8 13. d4 exd4 14. exd4 h6 15. Bb2 Bf5 16. Qd2 Ne4 17. Nxe4 Bxe4 {1/2-1/2
Portisch,L-Florian,T/Budapest 1959/EXT 2000 (17)}) 11. h3 d5 12. c5 c6 13. Na4
Nd7 14. Bb2 Bb8 15. e4 b5 16. cxb6 Nxb6 17. Nc5 {1-0 Huebner,R-Saemisch,F/
Buesum 1968/EXT 2002 (22)}) 9. a3 b5 10. b4 Bf8 11. Qc2 $1 $14 {[%mdl 4]
Dieser Damezug ist besser als das sofortige 11.e4, weil Schwarz jetzt nicht
d7-d6 ziehen kann.} (11. e4 d6 12. h3 Nd4 13. cxb5 axb5 14. Nxd4 exd4 15. Nd5
c6 16. Nf4 c5 17. a4 bxa4 18. bxc5 dxc5 19. Rxa4 Bd7 20. Ra1 Bb5 21. Ba3 g5 22.
Nd5 Nxd5 {1/2-1/2 Virag,F-Lenart,E/HUN 1997/EXT 99 (22)}) 11... Bb7 12. Rd1 (
12. cxb5 axb5 13. Nxb5 Nxb4 $132) 12... Ne7 (12... d6 13. e4 $14 (13. cxb5 axb5
14. Nxb5 Nxb4 $132)) 13. e4 {Weiß hat fühlbaren Raumvorteil.} (13. Bxb7 Rxb7
14. e4 $14) 13... c6 $2 {[%mdl 16384] Nach diesem Zug wird die schwarze
Stellung sehr passiv.} (13... c5 14. bxc5 $14 (14. cxb5 cxb4 15. axb4 axb5 16.
Nxb5 Nc6 $132) (14. Bg5 cxb4 15. Bxf6 gxf6 16. axb4 Nc6 17. cxb5 axb5 18. Nxb5
Nxb4 19. Qd2 d5 $132)) (13... bxc4 14. dxc4 $14) 14. c5 {[%csl Rb7] Nach
diesem Zug ist der b7B permanent eingeschlossen.} Ng6 (14... d5 15. d4 $16 {
[%cal Gd1d8]}) (14... d6 15. d4 $16) 15. d4 {[%csl Rb7,Gd4,Ge4,Rf8,Rg6] Weiß
hat eine ausgezeichnete Zentrumstellung, weil die schwarzen Figuren sehr
passiv stehen.} a5 16. h3 {Weiß muss sich nicht beeilen, da Schwarz sich aus
seiner passiven Lage kaum befreien kann. Mit dem Textzug verteidigt sich Weiß
gegen Ng4 (im Falle von Be3).} (16. d5 $16) (16. dxe5 Nxe5 17. f4 Nc4 18. e5
Ng4 19. Qd3 $16) 16... Ra8 17. Rb1 (17. Be3 $14) 17... h6 {Dieser Zug bedeutet,
dass Schwarz sich in großer Not befindet. Er kann praktisch nichts machen, nur
warten.} 18. dxe5 (18. Be3 $16) 18... Nxe5 19. f4 $16 Nc4 {Der c4N steht
scheinbar aktiv, aber alle anderen schwarzen Figuren stehen sehr schlecht.} 20.
e5 axb4 21. axb4 Nd5 (21... Nh7 22. Nxb5 $18 {[%cal Gg2b7]}) 22. Nxd5 cxd5 23.
Nc3 {[%csl Rb5,Rd5][%cal Gc3b5,Gc3d5] Die schwarze Bauern (b5P, d5P) sind
katastrophal schwach.} (23. Bxd5 Bxd5 24. Rxd5 $16) 23... f6 24. Nxb5 {Weiß
steht so gut, dass er viele günstige Fortsetzungen besitzt.} (24. exf6 Qxf6 25.
Nxb5 $18) 24... fxe5 25. Rxd5 $1 $18 {[%csl Rc4]} (25. Bxd5+ Bxd5 26. Rxd5 $18)
25... Nb6 (25... Bxd5 26. Bxd5+ $18) 26. cxb6 Qxb6+ 27. Qf2 (27. Kh2 e4 28. Qd1
$18) 27... Qxf2+ 28. Kxf2 {Weiß hat eine Figur mehr und steht auf Gewinn.} exf4
29. Nc3 (29. Bxf4 $6 Ra2+ 30. Bd2 $18 (30. Rd2 Rxd2+ 31. Bxd2 Bxg2 $11) (30.
Kf1 Rxg2 31. Kxg2 Bxd5+ $11)) 29... fxg3+ 30. Kxg3 Rac8 31. Rd3 (31. Bd2 Rxc3+
32. Bxc3 Re3+ 33. Kh2 Rxc3 34. Rxd7 $18) 31... Bd6+ 32. Kf2 Bxg2 33. Kxg2 Re6
34. Bd2 Rg6+ 35. Kh1 Be5 36. Nd5 Re8 37. Re1 d6 38. b5 Rb8 39. Ne7+ 1-0

[Event "New York op"]
[Site "New York"]
[Date "1991.??.??"]
[Round "2"]
[White "Balinas, Rosendo Carrean"]
[Black "Ivanov, Alexander"]
[Result "1/2-1/2"]
[WhiteElo "2380"]
[BlackElo "2525"]
[Annotator "Ribli,Z"]
[PlyCount "71"]
[EventDate "1991.03.??"]
[EventType "swiss"]
[EventRounds "9"]
[EventCountry "USA"]
[SourceTitle "CBM 023"]
[Source "ChessBase"]
[SourceDate "1991.08.01"]
[SourceVersion "1"]
[SourceVersionDate "1991.08.01"]
[SourceQuality "1"]

1. c4 g6 2. g3 Bg7 3. Bg2 e5 4. Nc3 d6 5. e3 Nc6 6. Nge2 h5 7. h3 $6 (7. d4 $1)
7... Nh6 (7... h4 $5) 8. Nd5 (8. Rb1 $5) 8... O-O 9. f4 Ne7 10. O-O c6 11.
Nxe7+ Qxe7 12. d3 Be6 13. e4 f5 14. Qc2 exf4 15. Bxf4 fxe4 16. dxe4 Nf7 17.
Rad1 Ne5 $15 18. b3 g5 19. Be3 g4 20. hxg4 Bxg4 21. Bf4 h4 22. Rde1 Ng6 23. Qd3
Be5 24. Qe3 Bxe2 25. Rxe2 Rf7 26. Ref2 hxg3 27. Bxg3 Rff8 28. Rxf8+ Rxf8 29.
Rxf8+ Nxf8 30. Bxe5 Qxe5 31. Qxa7 Qa1+ 32. Kh2 Qe5+ 33. Kh1 Qh8+ 34. Kg1 Qa1+
35. Kh2 Qe5+ 36. Kh1 1/2-1/2

[Event "Salamanca"]
[Site "Salamanca"]
[Date "1991.??.??"]
[Round "5"]
[White "Gomez Esteban, Juan Mario"]
[Black "Vladimirov, Yevgeniy"]
[Result "1/2-1/2"]
[WhiteElo "2400"]
[BlackElo "2575"]
[Annotator "Ribli,Z"]
[PlyCount "32"]
[EventDate "1991.04.??"]
[EventType "tourn"]
[EventRounds "11"]
[EventCountry "ESP"]
[EventCategory "10"]
[SourceTitle "CBM 023"]
[Source "ChessBase"]
[SourceDate "1991.08.01"]
[SourceVersion "1"]
[SourceVersionDate "1991.08.01"]
[SourceQuality "1"]

1. c4 e5 2. Nc3 Nc6 3. g3 g6 4. Bg2 Bg7 5. e3 d6 6. Nge2 Nge7 7. O-O O-O 8. d3
(8. Rb1 $5 Bf5 9. d3 Qd7 10. b4 Bh3 11. b5 Bxg2 12. Kxg2 Nd8 13. d4 exd4 14.
Nxd4 Ne6 15. Nce2 d5 16. Ba3 $1 $14 {Petursson-Sadler Aosta 1990 50/21}) (8. b3
$5 Bg4 (8... Be6 9. Ba3 Qd7 10. Nd5 Rab8 11. Rc1 a6 12. d3 b5 13. Qd2 Rfc8 14.
Rfd1 Nd8 15. d4 bxc4 16. bxc4 Bxd5 17. cxd5 Qa4 18. Qd3 Rb5 19. Rc4 Qa5 20.
Rdc1 $14 {Paneque-Sariego La Habana 1990 50/22}) 9. Bb2 Qd7 10. Nd5 Rae8 11. d3
Nc8 12. f3 Be6 13. f4 f5 14. Qd2 Nd8 $14 {Paneque-Sariego Manzanillo 1990 50/22
}) 8... Be6 9. Nd5 Rb8 10. Rb1 a6 11. b3 Bxd5 12. cxd5 Nb4 13. Nc3 e4 14. Nxe4
Nxa2 15. Bd2 Nxd5 16. b4 Nac3 {17.Nxc3,Nxc3 18.Bxc3,Bxc3 19.d4,a5 20.bxa5,Bxa5
21.Bxb7} 1/2-1/2

[Event "Geneve"]
[Site "Geneve"]
[Date "1990.??.??"]
[Round "3"]
[White "Miralles, Gilles"]
[Black "King, Daniel J"]
[Result "1/2-1/2"]
[WhiteElo "2460"]
[BlackElo "2560"]
[Annotator "Ribli,Z"]
[PlyCount "40"]
[EventDate "1990.11.??"]
[EventType "tourn"]
[EventRounds "10"]
[EventCountry "SUI"]
[EventCategory "11"]
[SourceTitle "CBM 021"]
[Source "ChessBase"]
[SourceDate "1991.04.01"]
[SourceVersion "1"]
[SourceVersionDate "1991.04.01"]
[SourceQuality "1"]

1. c4 e5 2. Nc3 Nc6 3. g3 g6 4. Bg2 Bg7 5. d3 d6 6. Rb1 a5 7. a3 f5 8. e4 Nge7
9. Nge2 O-O 10. O-O Kh8 11. Be3 (11. Nd5 $5) (11. b4 axb4 12. axb4 f4 $1) 11...
Nd4 12. b4 axb4 13. axb4 c6 14. Qd2 Be6 15. b5 Qd7 16. bxc6 bxc6 17. Bh6 Nxe2+
18. Nxe2 fxe4 19. Bxg7+ Kxg7 20. Bxe4 Bh3 1/2-1/2